Indian Nuclear Diplomacy Post May 1998: a discourse analysis/ (Record no. 614927)

000 -LEADER
fixed length control field 00427nam a22001577a 4500
020 ## - INTERNATIONAL STANDARD BOOK NUMBER
International Standard Book Number 9781032610382
082 ## - DEWEY DECIMAL CLASSIFICATION NUMBER
Classification number 327.54
Author Mark HAF
100 ## - MAIN ENTRY--PERSONAL NAME
Personal name Hafeez, Nasir
245 ## - TITLE STATEMENT
Title Indian Nuclear Diplomacy Post May 1998: a discourse analysis/
Statement of responsibility, etc. Nasir Hafeez
260 ## - PUBLICATION, DISTRIBUTION, ETC.
Place of publication, distribution, etc. London:
Name of publisher, distributor, etc. Routledge;
Date of publication, distribution, etc. 2025.
300 ## - PHYSICAL DESCRIPTION
Extent 176p.
563 ## - BINDING INFORMATION
Binding note HB
650 ## - SUBJECT ADDED ENTRY--TOPICAL TERM
Topical term or geographic name entry element Foreign relation
650 ## - SUBJECT ADDED ENTRY--TOPICAL TERM
Topical term or geographic name entry element Diplomacy
942 ## - ADDED ENTRY ELEMENTS (KOHA)
Source of classification or shelving scheme
Koha item type Book
650 ## - SUBJECT ADDED ENTRY--TOPICAL TERM
-- 130745
650 ## - SUBJECT ADDED ENTRY--TOPICAL TERM
-- 16238
Holdings
Withdrawn status Lost status Source of classification or shelving scheme Materials specified (bound volume or other part) Damaged status Not for loan Permanent Location Current Location Date acquired Total Checkouts Full call number Barcode Date last seen Price effective from Koha item type
      Donated by Dr. Nasir Hafeez (Author)     Central Library (CL) Central Library (CL) 09/28/2025   327.54 HAF CL-D-3077 09/29/2025 09/28/2025 Book
© 2023 Central Library, National University of Sciences and Technology. All Rights Reserved.